000 00769nas a2200265 4500
001 BR9509877
003 BR-BrBNA
005 20231205095534.0
007 ta
008 230509b bl.|||p| |||| 00| 00por d
040 _aBR-BrBNA
_bpor
_cBiblioteca Nacional de Agricultura
041 _a(Pt)
072 _aP35
100 1 _aSouza, P.V.D. de
100 1 _aKoller, O.C.
100 1 _aMorales, C.F.G.
245 1 _aTratamento de solo e cobertura morta para sementeira de citros
650 _aFruta Citrica
650 _aSementeira
650 _aCobertura Morta
650 _aTombamento de Planta
773 0 _tPesquisa Agropecuaria Gaucha (Brazil)
_x
_g(1995), v. 1(1) p. 27-31
_wBR9509877
909 _a202311
_bLúcia
_c55
_dLúcia Elande
942 _2AGRIS
_n0
_cANA
999 _c151267
_d151267